Le crédit documentaire en droit anglais / (Registro nro. 55280)

Detalles MARC
000 -LEADER
campo de control de longitud fija 00557nam a2200169 i 4500
001 - NÚMERO DE CONTROL
campo de control 55280
003 - IDENTIFICADOR DE NÚMERO DE CONTROL
campo de control ES-MaACL
005 - FECHA Y HORA DE LA ÚLTIMA TRANSACCIÓN
campo de control 20230906163119.0
007 - CAMPO FIJO DE DESCRIPCIÓN FÍSICA--INFORMACIÓN GENERAL
campo de control de longitud fija t|
008 - DATOS DE LONGITUD FIJA--INFORMACIÓN GENERAL
campo de control de longitud fija 030917s1934 fr ||||1| fre d
100 1# - ENTRADA PRINCIPAL--NOMBRE DE PERSONA
Nombre de persona Demogue, Jean.
9 (RLIN) 43657
245 13 - MENCIÓN DEL TÍTULO
Título Le crédit documentaire en droit anglais /
Mención de responsabilidad, etc. par Jean Demogue ; préface de M.H.C. Gutteridge.
260 ## - PUBLICACIÓN, DISTRIBUCIÓN, ETC.
Lugar de publicación, distribución, etc. Paris :
Nombre del editor, distribuidor, etc. Rousseau et Cie,
Fecha de publicación, distribución, etc. 1934 (
Lugar de fabricación/manufactura Saint-Dizier (Haute-Marne) :
Fabricante André Brulliard)
300 ## - DESCRIPCIÓN FÍSICA
Extensión VII, 339 p. ;
Dimensiones 25 cm.
700 1# - ENTRADA AGREGADA--NOMBRE PERSONAL
Nombre de persona Gutteridge, M. H. C.
9 (RLIN) 61250
852 ## - LOCALIZACIÓN
Ubicación ES-MaACL
Número de control de estantería A-4285
Existencias
Estatus retirado Estado de pérdida Estado de daño No para préstamo Biblioteca de origen Biblioteca actual Ubicación en estantería Fecha de adquisición Fuente de adquisición Total de préstamos Signatura topográfica completa Código de barras Visto por última vez Precio de reemplazo Tipo de ítem Koha
        Biblioteca del Ateneo de Madrid Biblioteca del Ateneo de Madrid Sala Pecera Planta 1 17/01/2008     A-4285 1058082 23/02/2023 23/02/2023 Libro impreso